000 01040nam a22002537i 4500
005 20260113084427.0
008 250906s2017 jo ||||gr|||| 00| 0 ara d
020 _a9789957642518
040 _aJO-AmGAM
_erda
082 1 4 _a342.085
_bد ل ي
100 1 _aالدليمي، عامر علي سمير
_eمؤلف.
245 1 2 _aالإعلام والقانون :
_bفي الاتفاقيات الإقليمية والدولية ودورهما في التوعية الاجتماعية ومكافحة الجريمة /
_cتأليف الدكتور عامر علي سمير الدليمي.
250 _aالطبعة الأولى.
264 3 1 _aعمان :
_bدار الثقافة للنشر والتوزيع،
_c2017.
300 _a368 صفحة.
336 _2rdacontent
_aنص
_btxt
337 _2rdamedia
_aدون وسيط عرض
_bn
338 _2rdacarrier
_aمجلد
_bnc
650 1 7 _aالاتفاقيات.
650 1 7 _aالاعلام.
650 1 7 _aالقانون الدولي.
942 _2ddc
_cBK
999 _c247826
_d247826